000 00759pam a2200241 a 4500
001 4362414
005 20171215075643.0
008 900509s1990 inua b 001 0 eng
010 _a 90039023
020 _a0872201066 :
_c$42.50 (est.)
020 _a0872201058 (pbk.) :
_c$24.50 (est.)
040 _aDLC
_cDLC
_dDLC
041 _aeng
080 _a190CAH
082 0 0 _a190CAH
_220
100 _a20
101 _aFIL
245 0 0 _aClassics of western philosophy /
_cedited by Steven M. Cahn.
504 _aIncludes bibliographical references and index.
906 _a7
_bcbc
_corignew
_d1
_eocip
_f19
_gy-gencatlg
942 _2ddc
_cBK
999 _c39021
_d39021